000 01462nam a2200325 4500
001 0000019132
003 CO-CtgCURN
005 20250527135645.0
007 ta
008 160627s1997 000 0 eng d
020 _a9806184386
040 _aCO-CtgCURN
_bspa
_ccoctgcurn
082 0 _a617.643
_bV45o
100 1 _aVillacencio L., José A.
245 1 0 _aOrtopedia dentofacial :
_buna visión multidisciplinaria /
_cJosé A. Villacencio L. , Miguel A. Fernández V., Luis Magaña Ahedo.
260 _aCaracas :
_bActualidades Medico Odontologicas latinoamerica,
_c1997.
300 _a2 volúmenes.
336 _2rdacontent
337 _2rdamedia
_asin mediacion
_bn
338 _2rdacarrier
_avolumen
_bnc
500 _aIndice alfabetico.
504 _aBibliografia (p. 464)
505 8 _av.1--Crecimiento y desarrollo craneofacial.--Biología osea.--Genetica y ortopedia dentofacial.--Evolucion humana.--Evolucion de las piezas dentarias.--Ontogenia del desarrollo oclusal.--v.2--Anatomía radigrafica descriptiva.--Diagnostico.--Oclusion en ortopedia dentofacial.--Metodos de diagnostico y tratamiento de la articulacion temporomandibular
650 1 4 _aOclusion (Odontología)
_vRehabilitacion.
700 1 _aFernández , Miguel A.
908 _a160627
942 _cBK
_h617.643
_iV45o
_2ddc
_n0
999 _c23402
_d23402